Champions du monde de Formule 1 - Statistiques

Statistiques générales
  • Ce quiz a été pris 301 fois
    19 depuis la dernière actualisation
  • Le résultat moyen est 27 sur 35
Statistiques - réponses
Hint Réponse % Correct
4 Alain Prost
100%
3 Ayrton Senna
100%
7 Lewis Hamilton
100%
7 Michael Schumacher
100%
2 Fernando Alonso
94%
5 Juan Manuel Fangio
94%
1 Keke Rosberg
94%
4 Max Verstappen
94%
1 Nico Rosberg
94%
3 Niki Lauda
94%
4 Sebastian Vettel
94%
1 Damon Hill
88%
2 Graham Hill
88%
1 Jacques Villeneuve
88%
1 Kimi Raikkonen
88%
2 Mika Hakkinen
88%
1 Phil Hill
88%
2 Alberto Ascari
81%
1 Jenson Button
81%
3 Jackie Stewart
75%
3 Nelson Piquet
75%
2 Emerson Fittipaldi
69%
3 Jack Brabham
69%
1 James Hunt
69%
1 Nigel Mansell
69%
2 Jim Clark
63%
1 Jody Scheckter
63%
1 Alan Jones
56%
1 Denny Hulme
56%
1 Giuseppe Farina
56%
1 Mario Andretti
56%
1 Mike Hawthorn
56%
1 Jochen Rindt
44%
1 John Surtees
44%
1 Lando Norris
31%
Aucun quiz correspondant
Distribution des résultats
% des personnes avec chaque résultat
Percentile par nombre de réponses
Votre historique - résultats
Vous n’avez pas pris ce quiz depuis la dernière actualisation